Statistics for Guns N' Roses Songs

Click here to take the quiz!

General Stats

  • This quiz has been taken 1,494 times
    (266 since last reset)
  • The average score is 31 of 80

Answer Stats

Answer % Correct
1Welcome to the Jungle
92%
9Sweet Child O' Mine
91%
6Paradise City
88%
10November Rain
87%
5Patience
77%
5Mr. Brownstone
76%
4Don't Cry
75%
13Don't Cry (Alternate)
75%
3Nightrain
71%
12Rocket Queen
69%
1Civil War
69%
7My Michelle
64%
2It's So Easy
62%
11Estranged
62%
12You Could Be Mine
61%
4Knockin' On Heaven's Door
60%
3Live and Let Die
59%
8One In a Million
55%
10You're Crazy
52%
7You're Crazy (Acoustic)
52%
1Chinese Democracy
51%
16Coma
49%
4Out Ta Get Me
48%
11The Garden
46%
4Mama Kin
45%
6Used to Love Her
45%
12Garden of Eden
44%
15Dead Horse
44%
8Think About You
44%
3Yesterdays
43%
11Anything Goes
42%
214 Years
40%
1Sympathy for the Devil
40%
3Move to the City
39%
2Dust N' Bones
38%
1Since I Don't Have You
38%
9Locomotive
37%
5Get in the Ring
36%
9Double Talkin' Jive
34%
10So Fine
34%
1Right Next Door to Hell
33%
8Pretty Tied Up
33%
14My World
33%
14Bad Apples
32%
8Back Off Bitch
32%
2Nice Boys
31%
3Better
30%
7Breakdown
29%
7Bad Obsession
29%
1Reckless Life
28%
6Shotgun Blues
28%
1Shadow of Your Love
27%
6You Ain't the First
25%
13Don't Damn Me
24%
6Ain't It Fun
24%
5Perfect Crime
23%
12Madagascar
23%
13This I Love
23%
3Down on the Farm
22%
9Attitude
22%
14Prostitute
21%
2New Rose
20%
8Hair of the Dog
20%
10Sorry
18%
2Shackler's Revenge
18%
7Catcher in the Rye
18%
4Street of Dreams
18%
11I.R.S.
16%
10Black Leather
16%
1Oh My God
16%
7Buick Makane (Big Dumb Sex)
15%
11You Can't Put Your Arms Around a Memory
15%
9Riad N' the Bedouins
14%
5Raw Power
13%
11I Don't Care About You
13%
12Look At Your Game Girl
13%
6There Was a Time
12%
4Human Being
12%
5If the World
11%
8Scraped
9%

Score Distribution

Percentile by Number Answered

Percent of People with Each Score

Your Score History

You have not taken this quiz since the last reset